ბათუმის შოთა რუსთაველის სახელმწიფო უნივერსიტეტის ბიბლიოთეკა

ზღვიდან დანახული მსოფლიო (ბიბ.ჩანაწერი № 49923)

000 -LEADER
fixed length control field 00853nam a2200217Ia 4500
001 - CONTROL NUMBER
control field 16859
003 - CONTROL NUMBER IDENTIFIER
control field GE_BSU
008 - FIXED-LENGTH DATA ELEMENTS--GENERAL INFORMATION
fixed length control field 181216s||||||||xx |||||||||||||| ||und||
040 ## - CATALOGING SOURCE
Transcribing agency GE_BSU
080 ## - UNIVERSAL DECIMAL CLASSIFICATION NUMBER
Universal Decimal Classification number 910.4(26)+910.4(479.22)(092)
245 ## - TITLE STATEMENT
Title ზღვიდან დანახული მსოფლიო
245 ## - TITLE STATEMENT
Remainder of title მოგზაურობის შთაბეჭდილებანი
260 ## - PUBLICATION, DISTRIBUTION, ETC.
Place of publication, distribution, etc. თბილისი
260 ## - PUBLICATION, DISTRIBUTION, ETC.
Name of publisher, distributor, etc. ნაკადული
260 ## - PUBLICATION, DISTRIBUTION, ETC.
Date of publication, distribution, etc. 1972
300 ## - PHYSICAL DESCRIPTION
Extent 279 გვ. : ილ. ; 21 სმ
653 ## - INDEX TERM--UNCONTROLLED
Uncontrolled term გეოგრაფია
653 ## - INDEX TERM--UNCONTROLLED
Uncontrolled term ზღვიდან დანახული მსოფლიო
653 ## - INDEX TERM--UNCONTROLLED
Uncontrolled term მოგზაურობა ზღვებსა და ოკეანეებზე; ქართველი მოგზაურები
942 ## - ADDED ENTRY ELEMENTS (KOHA)
Koha item type წიგნი
ეგზემპლარები
Withdrawn status Lost status Damaged status Not for loan Date acquired Barcode Date last seen Price effective from Koha item type
        2018-12-17 21895 2018-12-17 2018-12-17 წიგნი